000
00224 a2200097 4500
001
51370
100
_a
Tabachnik B G
245
_a
Using Multivariate Statistics
260
_a
London
_b
Harper & Row
_c
090
_c
32560
_d
32560
942
_a
NUST-CAE
_c
M
_c
25070
999
_c
286443
_d
286443